000 01425cam a2200421 a 4500
999 _c1272
_d1272
001 18978164
003 OSt
005 20230106100633.0
008 160217s2008 enkab j 001 0 eng
010 _a 2015509345
015 _aGBA863581
_2bnb
016 7 _a014607046
_2Uk
020 _a9780439944557
_q(pbk.)
020 _a0439944554
_q(pbk.)
035 _a(OCoLC)ocn227275328
040 _aUKM
_beng
_cUKM
_dBTCTA
_dYDXCP
_dOCLCO
_dOCLCF
_dOCLCQ
_dDLC
_dKH8
042 _aukscp
_alccopycat
082 0 4 _a551.415 GAN
_222
100 1 _aGaneri, Anita,
_d1961-
_eAUTHOR
245 1 0 _aDesperate deserts /
_cAnita Ganeri ; illustrated by Mike Phillips.
260 _aLondon ;
_aNew York :
_bScholastic,
_c2008.
300 _a159 pages :
_billustrations, maps ;
_c20 cm.
336 _atext
_btxt
_2rdacontent
337 _aunmediated
_bn
_2rdamedia
338 _avolume
_bnc
_2rdacarrier
490 1 _aHorrible geography
500 _aPrevious edition: London: Hippo, 2000.
500 _aIncludes index.
650 0 _aDeserts
_vJuvenile humor.
650 7 _aDeserts.
_2fast
_0(OCoLC)fst00891230
655 7 _aHumor.
_2fast
_0(OCoLC)fst01423696
655 7 _aJuvenile works.
_2fast
_0(OCoLC)fst01411637
700 1 _aPhillips, Mike,
_d1961-
_eILLUSTRATOR
830 0 _aHorrible geography.
906 _a7
_bcbc
_ccopycat
_d2
_encip
_f20
_gy-gencatlg
942 _2ddc
_cNFIC